000 00635nam a2200193 i 4500
001 21718
003 ES-MaACL
005 20231226135801.0
007 t|
008 021127s1840 xxk ||||1| eng d
100 0 _aAhmed ibn Mohamed Al-Makkari.
_918944
245 1 4 _aThe history of the Mohammedan Dynasties in Spain /
_cAhmed ibn Mohamed Al-Makkari ; translated by Pascual de Gayangos.
260 _aLondon :
_bW.H. Allend and CÂș,
_c1840.
300 _a2 v. ;
_c27 cm.
651 4 _aAl-Andalus-
_xHistoria.
_97609
700 1 _aGayangos, Pascual de,
_d1809-1897
_956138
852 _aES-MaACL
_jC-1869-70
999 _c21718
_d21718